000 00420pab a2200157 454500
008 180718b2015 xxu||||| |||| 00| 0 eng d
100 _aSamaddar, Ranabir
245 _aReturning to the histories of the late 19 and early 20th century immigration
260 _c2015
300 _ap.49-55.
362 _a10 Jan
650 _aImmigration
773 _aEconomic and Political Weekly
908 _aN
909 _a106975
999 _c106970
_d106970